01295nam a22002655i 450000100060000000300090000600500170001500700030003200800410003508000110007610000540008724501010014126000530024230000300029549000880032553000350041365000270044870000310047583000960050685200220060285601380062485601120076299900170087495201380089168454ES-MaACL20251012063044.0t|940301s1879 sp ||||1| spa d a341.441 aGarcía Santisteban, Rafael, d1829-1893914004110aManual práctico de extradiciones / ccompilado y anotado por D. Rafael García y Santisteban. aMadrid : b[s.n.], c1879 (fTip. de G. Estrada) aXXVIII, 213 p. ; c17 cm.1 aBiblioteca enciclopédica popular ilustrada. Sección 3ª. Conocimientos útiles aDisponible en formato digital. 4aExtradición.91400421 aEstrada, Gregorio.91269791 aBiblioteca enciclopédica popular ilustrada. Sección 3ª. Conocimientos útiles9180990 aES-MaACLjF-13577 uhttp://bvrajyl.rajyl.es/i18n/consulta/registro.cmd?id=9957 zBiblioteca Virtual de la Real Academia de Jurisprudencia y Legislación uhttps://bibliotecadigital.jcyl.es/es/consulta/registro.do?id=23962zBiblioteca Digital de Castilla y León c68454d68454 001040708Colección_digitalaATENEOMbATENEOMcSPP2d2008-01-17eSCl0oF-13577p1071659r2023-02-23 00:00:00w2023-02-23yMONANT